Guatemala : ¿Quién cree en las elecciones? /

Gorde:
Xehetasun bibliografikoak
Egile nagusia: Solórzano Martínez, Mario
Formatua: Texto
Gaiak:
Etiketak: Etiketa erantsi
Etiketarik gabe, Izan zaitez lehena erregistro honi etiketa jartzen!

MARC

LEADER 00000 a a2200000 04500
001 18032
003
040
100 |a Solórzano Martínez, Mario  
245 |a Guatemala :  |b ¿Quién cree en las elecciones? /  |c Mario Solórzano Martínez  
650 |a ELECCIONES  
650 |a POLITICA  
650 |a DEMOCRACIA  
650 |a FUERZAS ARMADAS  
650 |a GUATEMALA  
773 |g volumen 5, número 13; (1981) páginas 151  
999 |c 30858  |d 30858 
773 0 |0 42391  |9 3890  |a Agencia Latinoamericana de Información, ALAI  |d Quito, Ecuador: ALAI  |o 04421  |t ALAI:  |x 08275564 (Servicio mensual de información y documentación)